<?xml version="1.0" encoding="UTF-8"?><?xml-stylesheet type="text/xsl" href="static/style.xsl"?><OAI-PMH xmlns="http://www.openarchives.org/OAI/2.0/" xmlns:xsi="http://www.w3.org/2001/XMLSchema-instance" xsi:schemaLocation="http://www.openarchives.org/OAI/2.0/ http://www.openarchives.org/OAI/2.0/OAI-PMH.xsd"><responseDate>2026-04-27T19:45:19Z</responseDate><request verb="GetRecord" identifier="oai:uvadoc.uva.es:10324/31494" metadataPrefix="marc">https://uvadoc.uva.es/oai/request</request><GetRecord><record><header><identifier>oai:uvadoc.uva.es:10324/31494</identifier><datestamp>2021-06-29T22:06:25Z</datestamp><setSpec>com_10324_38</setSpec><setSpec>col_10324_852</setSpec></header><metadata><record xmlns="http://www.loc.gov/MARC21/slim" xmlns:doc="http://www.lyncode.com/xoai" xmlns:xsi="http://www.w3.org/2001/XMLSchema-instance" xmlns:dcterms="http://purl.org/dc/terms/" xsi:schemaLocation="http://www.loc.gov/MARC21/slim http://www.loc.gov/standards/marcxml/schema/MARC21slim.xsd">
<leader>00925njm 22002777a 4500</leader>
<datafield tag="042" ind1=" " ind2=" ">
<subfield code="a">dc</subfield>
</datafield>
<datafield tag="720" ind1=" " ind2=" ">
<subfield code="a">Iribarren Robledo, Pablo</subfield>
<subfield code="e">author</subfield>
</datafield>
<datafield tag="260" ind1=" " ind2=" ">
<subfield code="c">2018</subfield>
</datafield>
<datafield tag="520" ind1=" " ind2=" ">
<subfield code="a">Con el siguiente estudio se pretende analizar diferentes metodologías de la&#xd;
certificación energética en España y varios países de la Unión Europea.&#xd;
En primer lugar, se hace una introducción a la certificación energética, y se repasan&#xd;
las distintas Directivas Europeas que se han desarrollado con el paso de los años&#xd;
en lo referente a la eficiencia y certificación energética de los edificios.&#xd;
A continuación, se comparan las matrices energéticas para la producción de&#xd;
electricidad de los distintos países para los que se realiza el estudio (España,&#xd;
Alemania, Francia, UK, Italia y Portugal). Posteriormente se realiza un análisis de los&#xd;
factores de paso de energía final a energía primaria y de los factores de emisiones&#xd;
de CO2 para los distintos países, centrándonos en la energía eléctrica como la&#xd;
energía final consumida.&#xd;
El siguiente paso es analizar el proceso de certificación energética en los distintos&#xd;
países que se han estudiado, en el que se incluye la metodología, el tipo de&#xd;
certificados, las etiquetas y los indicadores energéticos entre otros aspectos a&#xd;
tener en cuenta.&#xd;
Y por último, se ha realizado una certificación energética de un edificio de Ávila a&#xd;
través del procedimiento simplificado, utilizando el programa CE3X, con el objetivo&#xd;
de poner en práctica los aspectos teóricos desarrollados en el estudio.&#xd;
Palabras clave: Eficiencia energética, certificación, indicadores energéticos,&#xd;
factores de paso de energía primaria, CE3X.</subfield>
</datafield>
<datafield tag="024" ind2=" " ind1="8">
<subfield code="a">http://uvadoc.uva.es/handle/10324/31494</subfield>
</datafield>
<datafield ind1=" " ind2=" " tag="653">
<subfield code="a">Economías de energía-Certificación</subfield>
</datafield>
<datafield tag="245" ind1="0" ind2="0">
<subfield code="a">Indicadores y metodología de la certificación energética en España</subfield>
</datafield>
</record></metadata></record></GetRecord></OAI-PMH>